| 000 | 01656nam a2200229Ia 4500 | ||
|---|---|---|---|
| 003 | Ost | ||
| 005 | 20260507075734.0 | ||
| 008 | 260507s9999||||xx |||||||||||||| ||und|| | ||
| 040 | _cfsecg | ||
| 041 | _aara | ||
| 082 | _a332.4 | ||
| 100 |
_aيونس، محمود _eمؤلف |
||
| 245 | 0 |
_aمقدمة في النقود وأعمال البنوك والأسواق المالية / _c محمود يونس |
|
| 260 |
_aالاسكندرية: _bالدار الجامعية, _c2003 |
||
| 300 |
_a422 صفحة؛ _bإيضاحات ؛ _c24 سم |
||
| 520 | _aأهمية دراسة النقود والمصارف والأسواق المالية،ماهية النقود ووظائفها،أنواع النقود،النظام النقدي المحلي،النظام النقدي الدولي،قياس العرض النقدي،الإئتمان والوساطة المالية،السوق المالي،سعر الفائدة على أدوات الإئتمان،العوامل المحددة لمحددة لمعدل الفائدة الإسمي في سوق السندات،العوامل المحددة لسعر الفائدة التوازني في سوق النقود،المصارف التجارية،المصارف غير التجارية،نماذج من المصارف غير التجارية،المصارف الإسلامية،المصرف المركزي،نظرية الطلب على النقود،نظرية الكمية الحديثة لفريدمان،التضخم | ||
| 653 | _aالبنوك | ||
| 653 | _aالبنوك المركزية | ||
| 653 | _aالنقود | ||
| 700 |
_aعبد النعيم، مبارك _eمؤلف ثانوي |
||
| 942 | _cكتاب | ||
| 999 |
_c46070 _d46070 |
||